000 01174nam a22002897a 4500
005 20230208121851.0
008 230208b ||||| |||| 00| 0 eng d
040 _cAL
041 _aeng
082 _223
_a658.15
_bGUPF
100 _aShashi K Gupta and others
_971316
245 _aFinancial management
260 _aLudhiana
_bKalyani Publishers
_c2023
300 _avi,308p.
_bPB
_c24x18m.
365 _2Management
_a7663
_b236.00
_c
_d295.00
_e20%
_f03-02-2023
520 _aThe syllabi various Universities of Karnataka State for BBA 4th semester also contains the subject of Financial Management. The present book has been specaifically written to cater to the needs of students appearing in such examinations.The book contains eleven chapters and covers the entire new syllabus prescribed by the University.
650 _aFinance Planning
_971152
650 _aDebentures and Shares
_971153
650 _aDivident Policy
_971154
650 _aSkill Development
_971155
650 _aNEP
_971170
650 _aIV SEM BBA
_971171
700 _aGUPTA (Shashi K)
_971156
700 _aSHARMA (R K)
_971157
700 _aGUPTA (Neeti)
_971158
942 _2ddc
_cBK
999 _c226602
_d226602